00696cam a2200205 a 4500001000500000005001700005020001800022040002300040050002200063082001100085100002300096245005400119260004300173300005800216505000800274520013100282521002000413521002000433650003700453355720240322143047.0 a9781604724288 aDLCcDLCdDLCbeng00aQL666.C536b 200800a597.921 aKarapetkova, Holly10aSea turtles, what do you do? /cHolly Karapetkova aFlorida : bRourke Publishing , c2009 a14 unnumbered pages : bcolor illustrations ;c16 cm. aN  aYoung children will love learning about one of their favorite sea creatures, sea turtles, with this rhyming, fact-filled book. a530 bLexile  aN bRaz-Plus  0aSea turtlesvJuvenile literature